[Event "LSS SE-2009-0-00022"]
[Site "LSS email"]
[Date "2009.05.21"]
[Round "?"]
[White "Ausan, Leo Tito Jr"]
[Black "Hsu, Mooen"]
[Result "1-0"]
[WhiteElo "1251"]
[BlackElo "1242"]
[PlyCount "67"]
[EventDate "2009.03.17"]
[EventType "tourn (corr)"]
[EventRounds "6"]
[EventCountry "GER"]
[SourceTitle "Corr 2022"]
[Source "ChessBase"]
[SourceDate "2021.10.24"]
[SourceVersion "1"]
[SourceVersionDate "2021.10.24"]
[SourceQuality "1"]

1. d4 d5 2. Nf3 Nf6 3. g3 g6 4. Bg2 Bg7 5. 0-0 0-0 6. c3 c6 7. Nbd2 Bg4 8. Re1 Nbd7 9. Nf1 Re8 10. h3 Bxf3 11. exf3 e5 12. Nh2 exd4 13. cxd4 Rxe1+ 14. Qxe1 Qb6 15. Be3 Qxb2 16. Rb1 Qxa2 17. Rxb7 Qa6 18. Qb1 Nb6 19. Rc7 Nc4 20. Bf1 Qb5 21. Qc1 Ne8 22. Rd7 Qb2 23. Qd1 Nxe3 24. fxe3 Nf6 25. Re7 Bf8 26. Re5 Bd6 27. f4 Bxe5 28. fxe5 Ne4 29. Qe1 Rb8 30. Ng4 Kg7 31. Bd3 Qc3 32. Qf1 Nxg3 33. Qf6+ Kf8 34. Qh8+ 1-0

[Event "LSS SE-2009-0-00022"]
[Site "LSS email"]
[Date "2009.05.21"]
[Round "?"]
[White "Castellano, Antonio Jr"]
[Black "Hsu, Mooen"]
[Result "1-0"]
[WhiteElo "1355"]
[BlackElo "1242"]
[PlyCount "37"]
[EventDate "2009.03.17"]
[EventType "tourn (corr)"]
[EventRounds "6"]
[EventCountry "GER"]
[SourceTitle "Corr 2022"]
[Source "ChessBase"]
[SourceDate "2021.10.24"]
[SourceVersion "1"]
[SourceVersionDate "2021.10.24"]
[SourceQuality "1"]

1. e4 e6 2. Nf3 d5 3. e5 c5 4. c3 Nc6 5. Bb5 Qb6 6. Bxc6+ bxc6 7. 0-0 Ne7 8. d4 Nf5 9. Qc2 cxd4 10. cxd4 Nxd4 11. Nxd4 Qxd4 12. Qe2 a5 13. Rd1 Qb4 14. Qc2 Bc5 15. a3 Qb5 16. Nc3 Qb8 17. Ne4 Bxf2+ 18. Nxf2 0-0 19. Qxc6 1-0

[Event "LSS SE-2009-0-00022"]
[Site "LSS email"]
[Date "2009.05.21"]
[Round "?"]
[White "Hsu, Mooen"]
[Black "Bearce, Harold L"]
[Result "0-1"]
[WhiteElo "1242"]
[BlackElo "1283"]
[PlyCount "36"]
[EventDate "2009.03.17"]
[EventType "tourn (corr)"]
[EventRounds "6"]
[EventCountry "GER"]
[SourceTitle "Corr 2022"]
[Source "ChessBase"]
[SourceDate "2021.10.24"]
[SourceVersion "1"]
[SourceVersionDate "2021.10.24"]
[SourceQuality "1"]

1. d4 d5 2. c4 c6 3. Nc3 Nf6 4. e3 Bf5 5. Nf3 h6 6. Be2 e6 7. 0-0 Bd6 8. c5 Be7 9. b4 0-0 10. Bb2 a5 11. a3 Nbd7 12. Ne5 Nxe5 13. dxe5 axb4 14. axb4 Nd7 15. f4 b6 16. Rxa8 Qxa8 17. cxb6 Nxb6 18. g4 Bh7 0-1

[Event "LSS SE-2009-0-00022"]
[Site "LSS email"]
[Date "2009.05.21"]
[Round "?"]
[White "Hsu, Mooen"]
[Black "Tobler, Peter"]
[Result "0-1"]
[WhiteElo "1242"]
[BlackElo "1200"]
[PlyCount "47"]
[EventDate "2009.03.17"]
[EventType "tourn (corr)"]
[EventRounds "6"]
[EventCountry "GER"]
[SourceTitle "Corr 2022"]
[Source "ChessBase"]
[SourceDate "2021.10.24"]
[SourceVersion "1"]
[SourceVersionDate "2021.10.24"]
[SourceQuality "1"]

1. d4 d5 2. c4 e6 3. Nc3 Nf6 4. Nf3 Be7 5. e3 0-0 6. Bd3 dxc4 7. Bxc4 a6 8. 0-0 b5 9. Bb3 Bb7 10. Ne5 c5 11. dxc5 Qc7 12. Nd3 Nbd7 13. a3 Nxc5 14. Nxc5 Bxc5 15. Ba2 Bxa3 16. Nxb5 axb5 17. bxa3 Rfd8 18. Qe2 Ba6 19. Rd1 Rxd1+ 20. Qxd1 Rd8 21. Qe1 Ng4 22. g3 Qe5 23. Bd2 Bb7 24. Qe2 0-1

[Event "LSS RE-2009-0-00022"]
[Site "LSS email"]
[Date "2009.04.25"]
[Round "?"]
[White "Hsu, Mooen"]
[Black "Cabrera Trujillo, Claudio Tomas"]
[Result "0-1"]
[WhiteElo "1257"]
[BlackElo "1225"]
[PlyCount "28"]
[EventDate "2009.02.07"]
[EventType "tourn (corr)"]
[EventRounds "6"]
[EventCountry "GER"]
[SourceTitle "Corr 2022"]
[Source "ChessBase"]
[SourceDate "2021.10.24"]
[SourceVersion "1"]
[SourceVersionDate "2021.10.24"]
[SourceQuality "1"]

1. d4 d5 2. c4 e5 3. dxe5 d4 4. Nf3 Nc6 5. g3 Bc5 6. Bg2 Bg4 7. 0-0 Nge7 8. b3 Qd7 9. Bb2 h5 10. Re1 0-0-0 11. Nbd2 h4 12. Nxh4 Rxh4 13. gxh4 Bh3 14. Bh1 Qg4+ 0-1

[Event "LSS OP-2009-0-00804"]
[Site "LSS email"]
[Date "2009.04.01"]
[Round "?"]
[White "Baptista, Rui"]
[Black "Hsu, Mooen"]
[Result "1-0"]
[WhiteElo "800"]
[BlackElo "1535"]
[PlyCount "47"]
[EventDate "2009.03.28"]
[EventType "tourn (corr)"]
[EventRounds "4"]
[EventCountry "GER"]
[SourceTitle "Corr 2022"]
[Source "ChessBase"]
[SourceDate "2021.10.24"]
[SourceVersion "1"]
[SourceVersionDate "2021.10.24"]
[SourceQuality "1"]

1. c4 c6 2. Nf3 d5 3. d4 Nf6 4. Nc3 g6 5. cxd5 cxd5 6. Bf4 Bg7 7. e3 0-0 8. Bd3 e6 9. Qb3 Nc6 10. Qa3 Re8 11. Bd6 b6 12. 0-0 Bb7 13. Rac1 Qd7 14. Ne5 Nxe5 15. dxe5 Ne4 16. Bb5 Qd8 17. Nxe4 dxe4 18. Rc7 Bd5 19. Bxe8 Qxe8 20. Qa6 Bf8 21. Rfc1 Bxd6 22. exd6 Kg7 23. Rxa7 Rxa7 24. Qxa7 1-0

[Event "LSS OP-2009-0-00805"]
[Site "LSS email"]
[Date "2009.04.01"]
[Round "?"]
[White "Hsu, Mooen"]
[Black "Campbell, Iain"]
[Result "0-1"]
[WhiteElo "1535"]
[BlackElo "1593"]
[PlyCount "40"]
[EventDate "2009.03.29"]
[EventType "tourn (corr)"]
[EventRounds "4"]
[EventCountry "GER"]
[SourceTitle "Corr 2022"]
[Source "ChessBase"]
[SourceDate "2021.10.24"]
[SourceVersion "1"]
[SourceVersionDate "2021.10.24"]
[SourceQuality "1"]

1. d4 e6 2. c4 f5 3. Nc3 Nf6 4. e3 d5 5. Nf3 c6 6. Bd3 Bd6 7. 0-0 0-0 8. c5 Bc7 9. b4 Ne4 10. Qc2 Nd7 11. Bb2 e5 12. a3 Nxc3 13. Bxc3 e4 14. Be2 exf3 15. Bxf3 Nf6 16. a4 Ne4 17. Bb2 Rf6 18. b5 Bxh2+ 19. Kxh2 Rh6+ 20. Kg1 Qh4 0-1

[Event "LSS OP-2009-0-00804"]
[Site "LSS email"]
[Date "2009.04.01"]
[Round "?"]
[White "Hsu, Mooen"]
[Black "Van Rooijen, Peter"]
[Result "0-1"]
[WhiteElo "1535"]
[BlackElo "1689"]
[PlyCount "42"]
[EventDate "2009.03.28"]
[EventType "tourn (corr)"]
[EventRounds "4"]
[EventCountry "GER"]
[SourceTitle "Corr 2022"]
[Source "ChessBase"]
[SourceDate "2021.10.24"]
[SourceVersion "1"]
[SourceVersionDate "2021.10.24"]
[SourceQuality "1"]

1. d4 e6 2. c4 Nf6 3. Nc3 Bb4 4. e3 0-0 5. Nf3 c5 6. a3 Bxc3+ 7. bxc3 d5 8. cxd5 exd5 9. Be2 Ne4 10. Bb2 cxd4 11. cxd4 Qb6 12. Rb1 Qa5+ 13. Nd2 Bd7 14. Bd3 Ba4 15. Qe2 Re8 16. Bc1 Nc3 17. Qh5 g6 18. Qf3 Nxb1 19. Bxb1 Qb5 20. Ba2 Rc8 21. Bxd5 Rxc1+ 0-1

[Event "LSS OP-2009-0-00805"]
[Site "LSS email"]
[Date "2009.04.01"]
[Round "?"]
[White "Rudolf, Michal"]
[Black "Hsu, Mooen"]
[Result "1-0"]
[WhiteElo "2308"]
[BlackElo "1535"]
[PlyCount "41"]
[EventDate "2009.03.29"]
[EventType "tourn (corr)"]
[EventRounds "4"]
[EventCountry "GER"]
[SourceTitle "Corr 2022"]
[Source "ChessBase"]
[SourceDate "2021.10.24"]
[SourceVersion "1"]
[SourceVersionDate "2021.10.24"]
[SourceQuality "1"]

1. d4 d5 2. c4 c6 3. Nc3 Nf6 4. Nf3 g6 5. Bf4 Bg7 6. e3 0-0 7. Rc1 e6 8. Be2 Nbd7 9. 0-0 Re8 10. Qc2 a6 11. h3 b5 12. b3 Bb7 13. a3 bxc4 14. bxc4 Rc8 15. Rb1 Ba8 16. c5 h6 17. Bxa6 g5 18. Bxc8 Qxc8 19. Bd6 Qa6 20. Rb4 Qxa3 21. Ra4 1-0

[Event "LSS OP-2009-0-00801"]
[Site "LSS email"]
[Date "2009.03.30"]
[Round "?"]
[White "Nikel, Bogdan"]
[Black "Hsu, Mooen"]
[Result "1-0"]
[WhiteElo "2313"]
[BlackElo "1535"]
[PlyCount "30"]
[EventDate "2009.03.24"]
[EventType "tourn (corr)"]
[EventRounds "4"]
[EventCountry "GER"]
[SourceTitle "Corr 2022"]
[Source "ChessBase"]
[SourceDate "2021.10.24"]
[SourceVersion "1"]
[SourceVersionDate "2021.10.24"]
[SourceQuality "1"]

1. e4 e6 2. d4 d5 3. Nd2 dxe4 4. Nxe4 Nf6 5. Nxf6+ Qxf6 6. Nf3 g6 7. Bg5 Qf5 8. Bd3 Qd5 9. 0-0 Nc6 10. Bf6 Rg8 11. Re1 Bd7 12. c4 Qa5 13. d5 Nd8 14. Ng5 h6 15. Nxf7 b6 1-0

[Event "LSS OP-2009-0-00800"]
[Site "LSS email"]
[Date "2009.03.29"]
[Round "?"]
[White "Hsu, Mooen"]
[Black "Jokmin, Guido"]
[Result "1-0"]
[WhiteElo "1535"]
[BlackElo "800"]
[PlyCount "51"]
[EventDate "2009.03.24"]
[EventType "tourn (corr)"]
[EventRounds "4"]
[EventCountry "GER"]
[SourceTitle "Corr 2022"]
[Source "ChessBase"]
[SourceDate "2021.10.24"]
[SourceVersion "1"]
[SourceVersionDate "2021.10.24"]
[SourceQuality "1"]

1. d4 d5 2. c4 Nf6 3. Nc3 e6 4. Nf3 Be7 5. e3 0-0 6. Bd3 Nc6 7. 0-0 Nb4 8. Be2 a6 9. a3 Nc6 10. b4 b6 11. Qc2 Na7 12. Bb2 c5 13. bxc5 bxc5 14. Rab1 Nc6 15. dxc5 dxc4 16. Bxc4 Bb7 17. Na4 Na5 18. Be2 Be4 19. Qd2 Bxb1 20. Rxb1 Nb3 21. Qxd8 Rfxd8 22. Bxf6 Bxf6 23. Rxb3 Rab8 24. Nb6 a5 25. c6 Rd6 26. c7 1-0

[Event "LSS OP-2009-0-00799"]
[Site "LSS email"]
[Date "2009.03.29"]
[Round "?"]
[White "Hsu, Mooen"]
[Black "Tjiptadi, Agus"]
[Result "1-0"]
[WhiteElo "1535"]
[BlackElo "1074"]
[PlyCount "77"]
[EventDate "2009.03.23"]
[EventType "tourn (corr)"]
[EventRounds "4"]
[EventCountry "GER"]
[SourceTitle "Corr 2022"]
[Source "ChessBase"]
[SourceDate "2021.10.24"]
[SourceVersion "1"]
[SourceVersionDate "2021.10.24"]
[SourceQuality "1"]

1. d4 Nf6 2. c4 e6 3. Nc3 d5 4. e3 Bb4 5. Qa4+ Nc6 6. Nf3 0-0 7. a3 Bxc3+ 8. bxc3 Re8 9. cxd5 exd5 10. c4 Bg4 11. Be2 Ne4 12. Bb2 Bxf3 13. Bxf3 Ne7 14. cxd5 Nxd5 15. 0-0 Nd2 16. Bxd5 Qxd5 17. Rfd1 Nf3+ 18. gxf3 Qxf3 19. d5 Re4 20. Rd4 Rae8 21. Rad1 h5 22. Rxe4 Rxe4 23. Rd4 Re5 24. Rf4 Rg5+ 25. Kf1 Qxd5 26. Qe8+ Kh7 27. Qe4+ Qxe4 28. Rxe4 Kg6 29. Re7 Rc5 30. Bd4 Rc2 31. Bxa7 b6 32. Bb8 c5 33. Ba7 b5 34. Rb7 Rc3 35. Rxb5 Rxa3 36. Bxc5 Ra1+ 37. Kg2 f6 38. Bd4 Ra6 39. h4 1-0

[Event "LSS SD-2008-0-00020"]
[Site "LSS email"]
[Date "2008.12.23"]
[Round "?"]
[White "Hsu, Mooen"]
[Black "Just, Bent"]
[Result "0-1"]
[WhiteElo "1535"]
[BlackElo "1385"]
[PlyCount "54"]
[EventDate "2008.11.28"]
[EventType "tourn (corr)"]
[EventRounds "6"]
[EventCountry "GER"]
[SourceTitle "Corr 2022"]
[Source "ChessBase"]
[SourceDate "2021.10.24"]
[SourceVersion "1"]
[SourceVersionDate "2021.10.24"]
[SourceQuality "1"]

1. d4 d5 2. c4 dxc4 3. Nc3 a6 4. e3 e5 5. Bxc4 exd4 6. Qxd4 Nc6 7. Qxd8+ Nxd8 8. Nf3 Nf6 9. Ng5 h6 10. Nf3 Bg4 11. Ne5 Bf5 12. 0-0 Bd6 13. Nf3 0-0 14. Re1 Be6 15. Nd2 Nc6 16. e4 Nb4 17. Re2 Nc2 18. Rb1 Nd4 19. Re1 Bc5 20. Bxe6 fxe6 21. e5 Ng4 22. Na4 Ba7 23. h3 Rxf2 24. hxg4 Nc2 25. Rf1 Rxf1+ 26. Kxf1 Ne3+ 27. Ke2 Rf8 0-1

[Event "LSS OP-2008-0-00702"]
[Site "LSS email"]
[Date "2008.12.22"]
[Round "?"]
[White "Yangibayev, N."]
[Black "Hsu, Mooen"]
[Result "1-0"]
[WhiteElo "481"]
[BlackElo "800"]
[PlyCount "55"]
[EventDate "2008.12.19"]
[EventType "tourn (corr)"]
[EventRounds "4"]
[EventCountry "GER"]
[SourceTitle "Corr 2022"]
[Source "ChessBase"]
[SourceDate "2021.10.24"]
[SourceVersion "1"]
[SourceVersionDate "2021.10.24"]
[SourceQuality "1"]

1. d4 d5 2. f3 Nf6 3. Bf4 g6 4. Qd2 Nc6 5. Nc3 Bg7 6. g4 0-0 7. h4 Re8 8. g5 Nh5 9. Be3 Ng3 10. Rh2 Nxf1 11. Kxf1 e5 12. dxe5 Be6 13. Bd4 Nxe5 14. Bxe5 Bxe5 15. f4 Bd6 16. h5 a6 17. hxg6 fxg6 18. Nxd5 Bxd5 19. Qxd5+ Kh8 20. Nf3 c6 21. Qc4 Rf8 22. e3 Qe8 23. Kf2 b5 24. Qd4+ Kg8 25. Rxh7 Kxh7 26. Rh1+ Kg8 27. Rh8+ Kf7 28. Qf6# 1-0